000 00319nam a22001457a 4500
008 210226b ||||| |||| 00| 0 eng d
020 _a0826114164
041 _aeng
080 _a610.73
082 _a610.73
100 _a1
101 _aINF
245 _aNursing Leaders Speak Out
_cFeldman, H.R
942 _2udc
_cBK
999 _c55294
_d55294